000 00501cam a2200193 4500
008 090401t1987 xxu||||| |||| 00| 0 eng d
020 _a0906600936
035 _a(Sirsi) u29478
041 _aeng
050 _a690.3
110 _aChartered Institute of Building
_92134
245 _aQuality assurance in building
260 _aAscot,Berks
_bChartered Institute of Building
_c1987
300 _a20p. ; 30cm.
350 _a3
650 _aBUILDING INDUSTRY
942 _n0
948 _c04/03/1997
999 _c89426
_d89426